[Event "Clermont Ferrand"]
[Site "Clermont Ferrand"]
[Date "1989.??.??"]
[Round "?"]
[White "Ribli, Zoltan"]
[Black "Lautier, Joel"]
[Result "1-0"]
[WhiteElo "2605"]
[BlackElo "2465"]
[Annotator "ChessBase"]
[PlyCount "55"]
[EventDate "1989.07.??"]
[EventType "tourn"]
[EventRounds "11"]
[EventCountry "FRA"]
[EventCategory "14"]
[SourceTitle "CBM 014"]
[Source "ChessBase"]
[SourceDate "1990.02.01"]
[SourceVersion "1"]
[SourceVersionDate "1990.02.01"]
[SourceQuality "1"]

1. Nf3 Nf6 2. d4 g6 3. Bf4 $5 Bg7 4. e3 c5 5. c3 b6 6. Nbd2 O-O 7. h3 Bb7 8.
Bh2 d5 $6 9. Be2 Nbd7 10. a4 $1 a6 11. O-O Rc8 12. Qb3 $1 {>< b6} Ne8 13. Rfd1
Nd6 14. Ne5 $1 Nb8 15. Rac1 c4 16. Qa3 Nc6 $2 (16... f6 17. Nef3 Nc6 $14) 17.
b3 $16 cxb3 18. Qxb3 Na5 19. Qb4 f6 20. Nd3 $1 {>< e6} Ndc4 21. Nf4 $1 Qd7 22.
Nxc4 Nxc4 23. Bxc4 Rxc4 24. Qxb6 Rfc8 25. Nd3 $1 Rxc3 26. Rxc3 Rxc3 27. Nc5 Qc8
(27... Qc6 28. Qxb7 Rxc5 29. Qb8+ Qc8 30. dxc5 $18) 28. Qb2 $1 1-0

[Event "Interzonal-16"]
[Site "Biel"]
[Date "1993.??.??"]
[Round "11"]
[White "Nalbandian, Tigran"]
[Black "Hellers, Ferdinand"]
[Result "1/2-1/2"]
[WhiteElo "2485"]
[BlackElo "2560"]
[Annotator "ChessBase"]
[PlyCount "25"]
[EventDate "1993.07.16"]
[EventType "swiss"]
[EventRounds "13"]
[EventCountry "SUI"]
[SourceTitle "CBM 037"]
[Source "ChessBase"]
[SourceDate "1993.12.01"]
[SourceVersion "1"]
[SourceVersionDate "1993.12.01"]
[SourceQuality "1"]

1. Nf3 Nf6 2. d4 g6 3. Bf4 Bg7 4. e3 O-O 5. Be2 d6 6. h3 c5 7. Nbd2 cxd4 8.
exd4 Nc6 9. O-O Nd5 $5 (9... Be6) 10. Bg3 e5 11. Re1 $1 Nb6 12. Bb5 f6 13. c4
$14 1/2-1/2

[Event "Bad Woerishofen op 14th"]
[Site "Bad Woerishofen"]
[Date "1998.??.??"]
[Round "6"]
[White "Nikolac, Juraj"]
[Black "Wojtkiewicz, Aleksander"]
[Result "0-1"]
[WhiteElo "2435"]
[BlackElo "2535"]
[Annotator "Dautov,R"]
[PlyCount "96"]
[EventDate "1998.03.06"]
[EventType "swiss"]
[EventRounds "9"]
[EventCountry "GER"]
[SourceTitle "CBM 063 Extra"]
[Source "ChessBase"]
[SourceDate "1998.04.29"]
[SourceVersion "1"]
[SourceVersionDate "1998.04.29"]
[SourceQuality "1"]

1. d4 Nf6 2. Nf3 g6 3. Bg5 Bg7 4. Nbd2 O-O 5. e4 {Kann dieser Zug falsch sein?
Falsch nicht, aber 5. c3 ist genauer.} d5 $1 6. exd5 (6. e5 Ne4 7. Be3 c5 $36)
6... Nxd5 7. Nb3 h6 (7... a5 $5 8. a4 h6 9. Bd2 b6 10. Be2 Bb7 11. O-O Nd7 12.
c4 N5f6 13. Qc1 Kh7 14. Rd1 e6 15. h3 Qe7 16. Bf4 Rac8 $11 {Boensch,U-Epishin,
V/Brno 1991}) 8. Bd2 Nd7 9. Be2 c5 $1 $146 {Schwarz räumt konsequent die
Diagonale für seinen Bg7 auf.} (9... e5 10. dxe5 Nxe5 11. O-O c6 $11 12. c3 Qc7
13. Re1 Nf4 14. Nxe5 Bxe5 15. Bf1 {1/2-1/2 Bareev,E-Khalifman,A/Wijk aan Zee
1995}) 10. c4 (10. Qc1 Kh7 11. Nxc5 Nxc5 12. dxc5 Qc7 (12... Bf5 $44) 13. c4
Nf6 14. b4 a5 $44) (10. dxc5 $6 Bxb2 11. Bxh6 Nc3 $17) 10... N5f6 11. O-O Ne4
$1 12. Be3 b6 $1 {Selbstverständlich möchte Schwarz die Situation im Zentrum
nicht entspannen.} 13. Qc1 (13. Nbd2 Nd6 $1 14. Bd3 cxd4 15. Bxd4 e5 16. Bc3
Re8 17. Re1 Bb7 $15) 13... Kh7 14. Rd1 Qc7 15. Bf4 (15. Nbd2 Nd6 $15 {/\Nf5})
15... Qc6 16. Qc2 (16. Bd3 f5 17. Re1 Bb7 18. d5 Qf6 19. Bxe4 fxe4 20. Rxe4 e6
21. Bd6 exd5 22. Bxf8 dxe4 23. Bxg7 Kxg7 24. Nfd2 Ne5 $17) (16. d5 Qf6 {><b2})
16... f5 $1 {Schwarz möchte den Abtausch des Pd4 erzwingen und damit die
beiden langen Diagonalen für seine Läufer freilegen.} 17. d5 (17. dxc5 e5 18.
Be3 Nexc5 19. Nxc5 bxc5 $17) 17... Qf6 18. Rab1 e5 $1 19. dxe6 (19. Be3 Nd6 $17
) 19... Qxe6 {Das Ziel ist erreicht.} 20. Re1 Bb7 21. Bd3 Qc6 22. Nbd2 Rae8 $17
23. Bf1 {Die schwarzen Läufer und der Ne4 sind bärenstark.} Kg8 {/\g5} 24. Rbd1
g5 25. Bg3 Nxd2 26. Qxd2 Rxe1 27. Nxe1 Bd4 $1 {Läßt den weißen Bg3 nicht nach
f2-f3 entschlüpfen und bereitet f5-f4 vor.} 28. Nf3 $6 (28. h3 f4 29. Bh2 Ne5
$17) 28... f4 29. Nxd4 cxd4 30. Qxd4 Rf7 $19 31. Bxf4 gxf4 32. Re1 Rg7 33. f3
Qc5 34. Qxc5 Nxc5 35. Re8+ Kf7 36. Rd8 Bxf3 37. Rd4 Bc6 38. Rxf4+ Ke7 39. g3 a5
40. Rh4 Rg6 41. Be2 Rf6 42. Rd4 Ne6 43. Rd3 Ng5 44. Re3+ Kd6 45. h4 Nf3+ 46.
Bxf3 Rxf3 47. Rxf3 Bxf3 48. Kf2 Bg4 0-1

[Event "Goodricke op 07th"]
[Site "Kolkata"]
[Date "1996.??.??"]
[Round "7"]
[White "Speelman, Jonathan S"]
[Black "Howell, James C"]
[Result "1-0"]
[WhiteElo "2525"]
[BlackElo "2490"]
[Annotator "Dolmatov,S"]
[PlyCount "45"]
[EventDate "1996.02.??"]
[EventType "swiss"]
[EventRounds "11"]
[EventCountry "IND"]
[SourceTitle "CBM 050 Extra"]
[Source "ChessBase"]
[SourceDate "1996.03.01"]
[SourceVersion "1"]
[SourceVersionDate "1996.03.01"]
[SourceQuality "1"]

1. d4 Nf6 2. Nf3 g6 3. Bg5 Bg7 4. Nbd2 O-O (4... c5 $5 5. Bxf6 Bxf6 6. Ne4 Bxd4
7. Nxd4 cxd4 8. Qxd4 O-O 9. O-O-O Nc6 10. Qd2 d5 $132) 5. c3 d6 (5... d5 6. e3
Nbd7 7. Bd3) 6. e4 c5 (6... Nc6 7. Bd3 e5 8. O-O h6 9. Bh4 Bd7 $14) 7. dxc5 (7.
Bd3 cxd4 8. cxd4 Nc6 9. O-O Bg4 $132) 7... dxc5 8. Bc4 Nc6 9. Qe2 $14 Qc7 10.
O-O (10. h3 h6 11. Be3 b6) (10. e5 Nh5 $132 (10... Ng4 11. e6 f6 12. Bh4 Nge5
13. Bg3 $16)) (10. Qe3 $5 Ng4 (10... b6 11. h3 $14) 11. Qxc5 b6 12. Qa3 $14)
10... h6 11. Bh4 (11. Be3 b6 (11... Ng4 $2 12. Bxc5 Nce5 13. Bd4 Nxf3+ 14. Nxf3
e5 15. Be3 Nxe3 16. fxe3 $16) 12. h3 Bb7 $132) 11... Nh5 12. Qe3 b6 (12... g5
13. Nxg5 (13. Qxc5 b6) 13... hxg5 14. Qxg5 Nf6 15. Qxc5 $44) 13. Rfe1 g5 14.
Bxg5 hxg5 15. Qxg5 Nf6 $2 (15... Nf4 $5 16. e5 Ne6 17. Qh5 Nf4 18. Qg5 Ne6 19.
Qh4 $6 Nxe5 20. Nxe5 Bxe5) 16. e5 Ng4 $2 (16... Nh7 $5 17. Qh5 Qd7 $1 18. e6
fxe6 19. Rxe6 Qxe6 20. Bxe6+ Bxe6 $15) 17. Bd5 Rb8 18. e6 f5 19. Nf1 $1 $16 Nf6
20. Ng3 Nh7 (20... Nxd5 21. Nh5 $18) 21. Qg6 Kh8 22. Nxf5 Rg8 23. Ng5 (23. Ng5
Nxg5 24. Qxg5 $18) 1-0

[Event "Odorheiu Secuiesc zt"]
[Site "Odorheiu Secuiesc"]
[Date "1995.??.??"]
[Round "9"]
[White "Dumitrache, Dragos Nicolae"]
[Black "Nevednichy, Vladislav"]
[Result "1-0"]
[WhiteElo "2530"]
[BlackElo "2485"]
[Annotator "Dumitrache,D"]
[PlyCount "57"]
[EventDate "1995.03.??"]
[EventType "swiss"]
[EventRounds "9"]
[EventCountry "ROU"]
[SourceTitle "CBM 047"]
[Source "ChessBase"]
[SourceDate "1995.08.01"]
[SourceVersion "1"]
[SourceVersionDate "1995.08.01"]
[SourceQuality "1"]

1. d4 d6 2. Nf3 g6 3. c4 Bg7 4. Nc3 Nf6 5. h3 O-O 6. Bf4 c6 (6... Nfd7 $5) 7.
e3 Nbd7 8. Be2 Qe8 (8... a6 9. O-O (9. a4 a5) 9... b5 10. a3 bxc4 (10... Nb6
11. b3) 11. Bxc4 c5 $13) 9. O-O e5 10. Bh2 Qe7 11. b4 e4 $6 (11... a5 12. b5
$140 c5 $10) (11... Ne8 $5) 12. Nd2 Re8 13. c5 d5 (13... dxc5 14. bxc5 {
/\Nd2-c4}) 14. b5 $16 Nf8 15. bxc6 bxc6 16. Qa4 Qd7 (16... Bd7 17. Rfb1 {
/\Rb1-b7xa7}) 17. Nb3 Re6 18. Na5 {(/\Bd6,Nxc6)} Ne8 19. Rab1 f5 20. Rb3 g5 21.
Rfb1 g4 (21... f4 22. Bg4) (21... Nf6 22. Bd6 Ne8 23. Qxc6 Qxc6 24. Nxc6 Nxd6
25. cxd6 Rxd6 26. Nxd5 $1 $18) 22. hxg4 Rg6 23. g5 $1 (23. gxf5 Qxf5 $132 24.
Nxc6 Qg5) 23... h6 24. Bh5 $18 Re6 (24... Rxg5 25. Bxe8 Qxe8 26. Qxc6 Bd7 27.
Qxd5+ Be6 28. Qxa8 Qxa8 29. Rb8 $18) 25. Rb7 Bxb7 26. Rxb7 Qxb7 (26... Qc8 27.
Bf7+ Kh8 28. Bxe6 Nxe6 29. Qxc6 $18) 27. Nxb7 hxg5 28. Bxe8 Raxe8 29. Nd6 1-0

[Event "BCF-chTc 1819 (4NCL)"]
[Site "England"]
[Date "2019.05.06"]
[Round "11.16"]
[White "Edouard, Romain"]
[Black "Erdos, Viktor"]
[Result "1-0"]
[WhiteElo "2642"]
[BlackElo "2603"]
[Annotator "Edouard,R"]
[PlyCount "135"]
[EventDate "2018.11.10"]
[EventType "team-tourn"]
[EventRounds "11"]
[EventCountry "ENG"]
[SourceTitle "CBM 190 Extra"]
[Source "ChessBase"]
[SourceDate "2019.07.15"]
[SourceVersion "1"]
[SourceVersionDate "2019.07.15"]
[SourceQuality "1"]
[WhiteTeam "Guildford"]
[BlackTeam "Manx Liberty"]
[WhiteTeamCountry "ENG"]
[BlackTeamCountry "ENG"]

1. d4 Nf6 2. Nf3 g6 3. e3 Bg7 4. Be2 O-O 5. O-O c5 6. c3 $5 (6. d5 d6 7. c4 e6
8. Nc3 exd5 9. cxd5 {transposes in a well-known line, that we usually get when
White plays e3 and Be2 against the Kings Indian (with c4 already played) and
Black answers with ...c5.}) 6... d6 (6... d5 {allows} 7. dxc5 $1 Ne4 8. b4 $5 {
with great complications:} a5 (8... Nxc3 9. Nxc3 Bxc3 10. Rb1 a6 11. Bb2 Bxb2
12. Rxb2 $14) (8... b6 9. cxb6 axb6 10. Bb2 Nc6 11. Qb3 {and the position is
porbably unclear, but a pawn is a pawn.}) 9. Nd4 e5 10. Nb5 Nc6 11. Nd2 $1 axb4
12. Nxe4 dxe4 13. cxb4 Nxb4 14. Nd6 Qc7 15. a4 $3 {A nice idea given my Milos
Pavlovic, on his book on the Colle - Zukertort attack.} (15. Nxe4 Bf5 $44)
15... Qxc5 16. Bc4 $1 (16. Nxe4 Qc6 $13) 16... Rd8 (16... Bf6 17. Ba3 Be7 18.
Nxc8 Qxc8 {may be the least damage.}) (16... Be6 17. Bxe6 fxe6 18. Nxe4 Qc6 19.
Qg4 $14) 17. Bxf7+ $1 Kh8 (17... Kf8 $6 18. Qb3 Rxd6 19. Bg8 $18) 18. Nxe4 Qe7
19. Qb3 Bf5 20. Ba3 Bxe4 21. Qxb4 $1 $16) (6... cxd4 7. cxd4 $5 (7. exd4 d6 8.
Bg5 Be6 9. Nbd2 Nc6) 7... d5 8. Nc3 Nc6 9. b3 Bf5 10. Bb2 Rc8 11. Rc1 Ne4 12.
a3 Nxc3 13. Bxc3 Be4 14. b4 Bxf3 15. Bxf3 e6 16. b5 Na5 17. Bb4) (6... b6 {
is very silimar to 7...b6 in the game.}) 7. Nbd2 cxd4 $5 {Now that the whte
knight is on d2, White is deprived from the cxd4 option, as then he would need
his knight to c3.} (7... b6 {is another solid choice, but I believe White's
position is a little preferable, although it's probably objevtively equal:} 8.
b4 Nbd7 9. a4 Bb7 10. Qb3 {with slightly easier play for White.}) 8. exd4 b6 9.
a4 a6 10. Ng5 Bb7 11. Bf3 Ra7 12. Re1 {The most natural move. However, the
engine doesn't like it much, and prefers 11...d5 or 11...Nc6.} h6 13. Bxb7 Rxb7
14. Nge4 Nxe4 15. Nxe4 d5 16. Nd2 Nc6 17. Nf3 Qd6 $1 {Preventing Bf4.} 18. h4
$1 {Black's position is anyway unpleasant already.} Ra8 19. Qd3 Qd7 20. Ne5 (
20. Bf4 $5 $14) 20... Nxe5 21. dxe5 Qe6 22. h5 (22. Bf4 $5 {was the safer
possibility, with a slight advantage.}) 22... g5 (22... gxh5 $5 23. f4 $5 (23.
Qf3 $5) 23... Qc6 (23... f5 24. Be3 $40) 24. Qf3 e6 25. Qxh5 $14) 23. f4 (23.
Be3 $5) 23... gxf4 24. Bxf4 Rc7 $6 (24... b5 $1 {was better. For humans it's
never easy to let the opponent exchange his queens for two rooks, but the
engine often disagrees:} 25. axb5 Rxb5 26. Qxb5 axb5 27. Rxa8+ Kh7 {and the
position isn't so clear.}) 25. Be3 $3 {A very important maneuvre, to get the
bishop to d4. The e5-pawn is untouchable.} Rc6 (25... Qxe5 $2 26. Bxb6 $18) (
25... Bxe5 $2 26. Bf4 $18) 26. Bf2 $1 (26. Bd4 $6 Qg4 $132) 26... Qd7 (26...
Rc4 27. Bd4 $1 Qg4 {might have been the best chance, but it makes a big
difference that Black's rook is on c4, and not on c6 where it is very useful
to defend the sixth rank.} 28. Bxb6 (28. Re3 $5) (28. a5 $5) 28... e6 (28...
Qxh5 29. Qxd5) 29. b4 Rb8 30. a5 Qxh5 31. Bd4 {and White should be close to
winning.}) 27. Rad1 Qg4 (27... e6 28. Re4 $1 {followed by Rg4 would be
terrible for Black.}) 28. Qxd5 Rac8 29. Qf3 ({The other option was} 29. Qd7
Qxh5 30. Qxe7 Re6 31. Rd8+ Rxd8 32. Qxd8+ Kh7 33. Qd3+ {but I judged my move
was stronger, and think it was right.}) 29... Qxa4 30. Rd4 (30. Re4 $1 {
with the idea} Rc4 31. Bd4 {was even stronger.}) 30... Rc4 {Too much going for
it.} 31. Ree4 $6 ({Going for material with} 31. Qb7 {was stronger.}) 31... Rxd4
32. Bxd4 e6 (32... Qc6 $1 {seemed to be wrong because of} 33. e6 $1 {but after}
Bxd4+ 34. cxd4 f6 $8 {it seems Black holds!}) 33. Rg4 Kh8 34. Kh2 ({Of course
not} 34. Qxf7 $4 Qd1+ $19) 34... Qe8 35. Qg3 ({Tempting, but the materialist} 
35. Qb7 {was stronger.}) 35... Qg8 36. Bxb6 Qh7 37. Bd4 Qf5 $1 38. Rh4 (38.
Rxg7 $2 Qxh5+ {is just a perpetual check.}) 38... a5 $2 {I was lucky that my
opponent was running out of time. Here two logical rook moves would have given
him great drawing chances.} (38... Rb8 39. c4 (39. Qf4 Qxf4+ 40. Rxf4 Rxb2 41.
Rxf7 Rb5 42. c4 Bxe5+ 43. g3 Ra5 {should hold for Black}) (39. b4 Rb5 $132)
39... Rd8 $1 40. Bc3 Rd3 41. Qe1 Qg5 {and Black remains worse, but White will
have to give his extra pawn back, e.g. playing Re4.}) (38... Rd8 $5 {with the
idea ...Rd5 also makes sense.}) 39. Qf4 Rb8 40. c4 Rc8 (40... Rd8 41. Bc3 {
is now safe: White wants to trade queens and play c5 and Rc4.}) 41. c5 Qxf4+ (
41... Bf8 42. Qxf5 exf5 43. Rh3 $1 {is even worse than the game for Black.}) (
41... Rd8 42. Qxf5 exf5 43. Bc3 $1 Rd5 44. Rc4 {is also an easy win:} Bxe5+ 45.
Bxe5+ Rxe5 46. c6 Re8 47. c7 Rc8 48. Kg3 Kg7 49. Kf4 Kf6 50. Rc6+ $18) 42. Rxf4
Rc7 43. Kh3 $1 (43. Kg3 $2 Bf8 44. Rf3 $2 Bxc5 45. Rc3 $4 {as in the game
would fail to} Bxd4 {winning for Black - that's why the white king should be
on h3!}) 43... Bf8 44. Rf3 $1 Bxc5 45. Rc3 Bxd4 46. Rxc7 Bxb2 (46... Kg7 {
is hopeless:} 47. b3 Bxe5 48. Rc5 $18) 47. Rxf7 a4 48. Ra7 Bxe5 49. g4 Bb2 50.
g5 a3 51. gxh6 (51. g6 {should also win, but I decided to go for a theoretical
ending which I knew was winning for White.}) 51... Bc1 52. h7 a2 53. Rxa2 Kxh7
54. Re2 Kg7 55. Rxe6 Bd2 56. Kg4 Bc1 57. Kf5 Bd2 58. Rg6+ Kh7 59. h6 $1 {
The only winning plan.} Bc1 60. Rg7+ $1 Kxh6 61. Rg6+ Kh7 62. Kf6 $1 Be3 63.
Kf7 {And we reached a well-known winning setup for White.} Ba7 64. Ra6 Bb8 65.
Ra8 Bc7 66. Rc8 Bf4 67. Rc4 Bg5 68. Rc3 1-0

[Event "Hoogovens op"]
[Site "Wijk aan Zee"]
[Date "1995.01.??"]
[Round "11"]
[White "Hansen, Lars Bo"]
[Black "Romero Holmes, Alfonso"]
[Result "1/2-1/2"]
[WhiteElo "2565"]
[BlackElo "2455"]
[Annotator "Endgame-CD"]
[PlyCount "180"]
[EventDate "1995.01.??"]
[EventType "swiss"]
[EventRounds "12"]
[EventCountry "NED"]
[SourceTitle "CBM 046"]
[Source "ChessBase"]
[SourceDate "1995.06.01"]
[SourceVersion "1"]
[SourceVersionDate "1995.06.01"]
[SourceQuality "1"]

1. d4 {Hecht} Nf6 2. Nf3 g6 3. Bg5 Bg7 4. Nbd2 O-O 5. c3 b6 6. e4 d5 7. Bd3 Bb7
8. Qe2 h6 9. Bxf6 exf6 10. O-O Re8 11. Rfe1 c5 12. Qd1 dxe4 13. Bxe4 Bxe4 14.
Rxe4 Rxe4 15. Nxe4 f5 16. Ng3 cxd4 17. Nxd4 Bxd4 18. Qxd4 Qxd4 19. cxd4 Nc6 20.
Rd1 Rd8 21. Ne2 Kf8 22. f3 Ke7 23. d5 Ne5 24. Nc3 a6 25. Na4 Nd7 26. Rc1 b5 27.
Nc5 Nxc5 28. Rxc5 Kd6 29. Rc6+ Kxd5 30. Rxa6 Rc8 31. h4 {Hecht: Weiß hat die
bessere Bauernstellung aufgrund der Damenflügelmehrheit, aber der Kg1 ist
passiv.} Rc2 32. b3 h5 33. Ra5 Ke6 34. Kh2 f4 35. a3 Ra2 36. Kg1 f6 37. Kf1
Ra1+ 38. Kf2 Ra2+ 39. Kg1 Ra1+ 40. Kf2 Ra2+ 41. Kg1 Ra1+ 42. Kh2 Kf7 43. g3
Ra2+ 44. Kh3 Rf2 45. Rxb5 Rxf3 46. Rb7+ Ke6 47. Rb6+ Kd5 48. Rxf6 Rxg3+ 49. Kh2
Ke5 50. Rb6 Rg4 51. a4 (51. Kh3 {Hecht} f3 52. Rb8 f2 53. Rf8 Rf4 54. Rxf4 Kxf4
55. Kg2 Ke3 56. Kf1 g5 57. hxg5 (57. a4 gxh4 58. a5 h3 59. a6 h2 $19) 57... h4
58. g6 h3 59. g7 h2 60. Kg2 f1=Q+ $19) 51... Rxh4+ 52. Kg2 Rg4+ 53. Kf2 h4 54.
Rb5+ Kd6 55. Kf3 h3 56. Kxg4 h2 57. Kxf4 h1=Q 58. Kg5 Qg2+ 59. Kh6 Ke6 60. Rg5
Qe4 61. Kg7 Qb7+ 62. Kxg6 Qxb3 $19 63. a5 $19 {Wie gewinnt man dieses
Endspiel? Schwarz muß folgende Drohungen miteinander kombinieren: 1. Eroberung
des Bauern 2. Trennung von Turm und König mit rascher Eroberung des Turmes. 3.
Mattdrohungen. Dies kann die Dame alleine nicht schaffen, der König muß
eingesetzt werden, am zwar indem er den Turm angreift. Die Partie befand sich
zu diesem Zeitpunkt im Blitzfinish. Beide Spieler hatten noch etwa 1 min. für
den Rest der Partie auf der Uhr. Da mit der "Fischer" Uhr gespielt wurde, bei
der man für jeden ausgeführten Zug Zeit gut geschrieben bekommt, versuchte
Schwarz erst einmal Zeit zu sammeln, um sich dann um ernsthafte
Gewinnabsichten zu bemühen. Die beste Methode, Zeitüberschreitung zu vermeiden,
ist allerdings nach wie vor, die Partie durch Matt zu beenden. Every move wins
sooner or later. But how? Black must combine following threats: 1. catch the
pawn 2. seperate king and rook from each other and catch the rook. It's not
possible to reach the with the Queen alone. The king must support this. In
this situation the game was in the blitzfinish. Playing with the "Fischer"
clock, Black tried to collect a little bit time first, with making some moves,
to avoid loosing by time. But the best method for not loosing by time is to
mate opponent's king.} Qf3 (63... Qe3 {ist der beste Zug in dieser Stellung:
Der Turm wird angegriffen, der Bauer kann wegen Qd3+ nicht ziehen und wenn der
Turm zieht, wird der Bauer oder der Turm erobert.} 64. Kh5 (64. Kh6 Kf6 $19) (
64. a6 Ke7 $1 $19 (64... Qd3+ 65. Kh5 Qxa6 $4 66. Rg6+ $18)) 64... Kf6 65. Rg6+
Kf5 66. Rg8 Qh3#) 64. a6 Qa3 (64... Qf6+ 65. Kh5 Qd4 66. Rg6+ Kf7 67. Rg5 Qd1+
68. Kh6 Qh1+ 69. Rh5 Qc6+ 70. Kg5 Qb5+ 71. Kg4 Qxa6 $19) (64... Qf7+ {Hecht -+}
65. Kh6 Kf6 66. Rg1 (66. Rg2 Qf8+ 67. Kh7 (67. Kh5 Qc5+ 68. Kh6 Qc1+ $19) 67...
Qe7+ 68. Kh8 Qe8+ 69. Kh7 Qh5+ 70. Kg8 Qd5+ $19) (66. Rg3 Qf8+ 67. Kh5 (67. Kh7
Qe7+ 68. Kh6 Qe4 69. Kh5 Qe2+ $19) 67... Qh8+ 68. Kg4 Qg8+ 69. Kh4 Qh7+ (69...
Qc4+ 70. Kh5 Qe2+ $19) 70. Kg4 Qf5+ 71. Kh4 Qf4+ 72. Kh3 Qf1+ $19) (66. Rg4
Qf8+ 67. Kh7 Qe7+ 68. Kh6 Qe3+ 69. Kh5 Qh3+ 70. Rh4 Qf5+ $19) 66... Qc4 (66...
Qf8+ 67. Kh7 Qe7+ 68. Kh8 Qe8+ 69. Kh7 Qd7+ 70. Kh8 Qc8+ 71. Kh7 Qc7+ 72. Kh8
Qb8+ 73. Kh7 Qa7+ $19) 67. Rg6+ (67. Kh5 Qe2+ 68. Rg4 Kf5 $19) (67. Kh7 Qd3+
68. Kg8 Qxa6 $19) 67... Kf7 68. Rg7+ (68. Kh5 Qe2+ $19) 68... Kf8 69. a7 (69.
Rg6 Qh4#) 69... Qh4+ 70. Kg6 Qg4+ 71. Kf6 Qxg7+ $19) 65. Kg7 Qa1+ 66. Kh7 Kf7 (
66... Kf6) 67. Rf5+ Ke7 68. Rg5 Qh1+ (68... Kf6 69. Rg6+ Kf7 70. Kh6 Qh1+ 71.
Kg5 Qg2+ $19) 69. Kg7 Qc1 70. Rg6 Qa1+ (70... Qb1 71. Rg5 Qa1+ 72. Kh7 Kf6 73.
Rg6+ Kf7 74. Kh6 Qh1+ $19) 71. Kg8 Qa2+ 72. Kg7 Qf2 (72... Qf7+ 73. Kh6 Kf8 74.
Rg5 Qf6+ 75. Kh5 (75. Rg6 Qh4#) 75... Qxa6) 73. Kh7 Qf5 74. Kg7 Qe5+ 75. Kg8
Qd5+ 76. Kg7 Qf7+ 77. Kh6 Qf4+ 78. Kg7 Qf2 79. Kh7 Qh4+ 80. Kg7 Qd4+ 81. Kg8
Qd5+ 82. Kg7 Qf7+ 83. Kh6 Kf8 84. Kg5 Qe7+ 85. Kh5 Kf7 86. Rg4 Qe5+ 87. Kh4
Qe1+ 88. Kg5 Qd2+ 89. Rf4+ Ke6 90. a7 Qa5+ {(...) mit Eroberung des Bauern und
Überleitung in Q-R. die Partie endete hier nicht, sondern ging noch etwa bis
zum 120.Zug, in dem Schwarz den weißen König patt setzte. Die Züge sind leider
nicht notiert worden.} 1/2-1/2

[Event "Volgograd"]
[Site "Volgograd"]
[Date "1994.??.??"]
[Round "12"]
[White "Veresagin, Jurij"]
[Black "Shmuter, Leonid"]
[Result "0-1"]
[WhiteElo "2360"]
[BlackElo "2460"]
[Annotator "Ernst,T"]
[PlyCount "80"]
[EventDate "1994.??.??"]
[EventType "tourn"]
[EventRounds "13"]
[EventCountry "NED"]
[EventCategory "8"]
[SourceTitle "CBM 041"]
[Source "ChessBase"]
[SourceDate "1994.08.01"]
[SourceVersion "1"]
[SourceVersionDate "1994.08.01"]
[SourceQuality "1"]

1. d4 Nf6 2. Nf3 g6 3. Bg5 Bg7 4. Nbd2 c5 5. c3 (5. Bxf6 Bxf6 6. Ne4 Qb6 7.
Nxf6+ Qxf6 8. e3 cxd4 9. exd4 d5 $10 {Braude,M-Ivanov,IV/Philadelphia World op/
1992/}) 5... cxd4 6. cxd4 O-O 7. e3 d6 (7... Nc6 8. Bd3 d6 9. O-O Bd7 10. h3
Rc8 11. a3 a6 $10 {Manor,I-Spasov,V/WchJ Tunja/1989/}) 8. Bc4 Nc6 9. O-O h6 10.
Bh4 e5 11. dxe5 (11. d5 Na5 12. Be2 $2 g5 $19) 11... dxe5 12. e4 g5 13. Bg3 Nh5
14. Re1 Nf4 15. h3 Qf6 16. Qb3 Na5 17. Qc3 Nxc4 18. Nxc4 Qa6 19. Kh2 (19. Nfxe5
Bxe5 20. Nxe5 Ne2+ 21. Rxe2 Qxe2 $15) 19... Re8 20. Rad1 Be6 21. Ncxe5 Ne2 22.
Qd3 Qxd3 23. Nxd3 Nxg3 24. Kxg3 Bxa2 $17 25. h4 Rad8 26. hxg5 hxg5 27. Nxg5 Bb3
28. Rd2 Rd7 29. Nf3 Red8 30. Nc5 $2 (30. Re3 Bc4 (30... Bh6 31. Nf4) 31. Nfe1
a5 $44) 30... Rxd2 31. Nxd2 Rxd2 32. Nxb3 Rxb2 $19 33. Re3 b6 34. f4 a5 35. e5
a4 36. Nd4 Bf8 37. e6 fxe6 38. Nxe6 Rb3 39. Kf3 Rxe3+ 40. Kxe3 a3 0-1